Dunia Melayu Dan Dunia Indocina

Bibliographic Details
Format: Book
Published: Kuala Lumpur : DBP , 1995
Subjects:

MARC

LEADER 00000cam a2200000 7i4500
001 0000007120
002 000007662
005 20080515.0
020 |a 9836247076 
090 0 0 |a 909.0499230597   |b DUN 
245 0 0 |a Dunia Melayu Dan Dunia Indocina 
260 |a Kuala Lumpur :   |b DBP ,   |c 1995 
300 |a 273p. ;   |c 21cm. 
650 0 0 |a Malays   |z Indochina   |x History   |x Congresses 
999 |a 054723   |b BUKU   |c PINJAMAN   |e PERPUSTAKAAN KOMUNITI PETALING JAYA